Canones: The Art of Harmony The Canon Tables of the Four Gospels (Record no. 89648)

MARC details
000 -LEADER
fixed length control field 01395nam a2200277Ia 4500
000 - LEADER
fixed length control field 02035naaa 00421uu
001 - CONTROL NUMBER
control field https://directory.doabooks.org/handle/20.500.12854/63735
005 - DATE AND TIME OF LATEST TRANSACTION
control field 20260218105551.0
008 - FIXED-LENGTH DATA ELEMENTS--GENERAL INFORMATION
fixed length control field 211013s9999 xx 000 0 und d
024 ## - OTHER STANDARD IDENTIFIER
Standard number or code 10.1515/9783110625844
042 ## - AUTHENTICATION CODE
Authentication code dc
245 #0 - TITLE STATEMENT
Title Canones: The Art of Harmony The Canon Tables of the Four Gospels
260 ## - PUBLICATION, DISTRIBUTION, ETC.
Place of publication, distribution, etc. Berlin/Boston
Name of publisher, distributor, etc. De Gruyter
Date of publication, distribution, etc. 2020
300 ## - PHYSICAL DESCRIPTION
Extent 1 electronic resource (258 p.)
520 ## - SUMMARY, ETC.
Summary, etc. Since early times Christians devised solutions for harmonizing and navigating the Four Gospels, coping with four only partly matching narratives of the Life of Christ. The most sophisticated device were the 'Canon Tables' attributed to Eusebius. Prefaced to the Gospels, the Tables appear since the earliest examples within finely decorated architectural frames, which became a most typical subject of late antique and medieval book art.
540 ## - TERMS GOVERNING USE AND REPRODUCTION NOTE
Terms governing use and reproduction Creative Commons
653 ## - INDEX TERM--UNCONTROLLED
Uncontrolled term New Testament manuscripts
700 1# - ADDED ENTRY--PERSONAL NAME
Personal name Bausi, Alessandro
700 1# - ADDED ENTRY--PERSONAL NAME
Personal name Bausi, Alessandro
700 1# - ADDED ENTRY--PERSONAL NAME
Personal name Reudenbach, Bruno
700 1# - ADDED ENTRY--PERSONAL NAME
Personal name Reudenbach, Bruno
700 1# - ADDED ENTRY--PERSONAL NAME
Personal name Wimmer, Hanna
856 ## - ELECTRONIC LOCATION AND ACCESS
Uniform Resource Identifier <a href="https://docs.google.com/spreadsheets/d/1yKIrdCPDAG_9c22mwoOIO2DOhtj65Wqa/edit?usp=sharing&ouid=106555315294820607512&rtpof=true&sd=true ">https://docs.google.com/spreadsheets/d/1yKIrdCPDAG_9c22mwoOIO2DOhtj65Wqa/edit?usp=sharing&ouid=106555315294820607512&rtpof=true&sd=true </a>
Link text List of Curated E-Books
942 ## - ADDED ENTRY ELEMENTS (KOHA)
Koha item type E-Book

No items available.

University of Rizal System
Email us at univlibservices@urs.edu.ph

Visit our Website www.urs.edu.ph/library